000 00194 a2200097 4500
020 _a9780892392223
041 _aspa
100 _aLucia Gonzalez
245 _aLa velita de los cuentos
942 _cBK
999 _c4102
_d4102